Cash flow reporting : (Record no. 7436)

MARC details
000 -LEADER
fixed length control field 00781pam a2200229 4500
001 - CONTROL NUMBER
control field 8583
005 - DATE AND TIME OF LATEST TRANSACTION
control field 20181127190312.0
008 - FIXED-LENGTH DATA ELEMENTS--GENERAL INFORMATION
fixed length control field 930218s1993 nyu b 000 0 eng
010 ## - LIBRARY OF CONGRESS CONTROL NUMBER
LC control number 93000607
020 ## - INTERNATIONAL STANDARD BOOK NUMBER
International Standard Book Number 0815312172 :
Terms of availability $65.00 (est.)
082 00 - DEWEY DECIMAL CLASSIFICATION NUMBER
Classification number 657/.72
Edition number 20
100 ## - MAIN ENTRY--PERSONAL NAME
Personal name Lee, Thomas A.
Numeration
Titles and words associated with a name
Dates associated with a name
Relator term editor
Fuller form of name
245 00 - TITLE STATEMENT
Title Cash flow reporting :
Remainder of title a recent history of an accounting practice /
Statement of responsibility, etc. edited by Thomas A. Lee.
260 ## - PUBLICATION, DISTRIBUTION, ETC.
Place of publication, distribution, etc. New York :
Name of publisher, distributor, etc. Garland Pub.,
Date of publication, distribution, etc. 1993.
300 ## - PHYSICAL DESCRIPTION
Extent 401 p. ;
Dimensions 26 cm.
440 #0 - SERIES STATEMENT/ADDED ENTRY--TITLE
Title New works in accounting history
504 ## - BIBLIOGRAPHY, ETC. NOTE
Bibliography, etc. note Includes bibliographical references.
650 #0 - SUBJECT ADDED ENTRY--TOPICAL TERM
Topical term or geographic name entry element Accounting
General subdivision Standards
-- History.
Topical term or geographic name entry element Cash flow
General subdivision Accounting
-- History.
700 1# - ADDED ENTRY--PERSONAL NAME
Personal name Lee, T. A.
Fuller form of name (Thomas Alexander)
Holdings
Withdrawn status Lost status Source of classification or shelving scheme Damaged status Not for loan Collection code Home library Current library Shelving location Serial Enumeration / chronology Inventory number Total Checkouts Full call number Barcode Date last seen Price effective from Koha item type
    Dewey Decimal Classification     Main TEST RTC Library RTC Library Main opac 13060   657 LEE 30013222 27/11/2018 27/11/2018 Main
Royal Thimphu College || All Right Reserved